La mujer en el siglo XVIII / (Record no. 73712)

MARC details
000 -LEADER
campo de control de longitud fija 00839nam a2200241 i 4500
001 - NÚMERO DE CONTROL
campo de control 73712
003 - IDENTIFICADOR DE NÚMERO DE CONTROL
campo de control ES-MaACL
005 - FECHA Y HORA DE LA ÚLTIMA TRANSACCIÓN
campo de control 20250918175713.0
007 - CAMPO FIJO DE DESCRIPCIÓN FÍSICA--INFORMACIÓN GENERAL
campo de control de longitud fija t|
008 - DATOS DE LONGITUD FIJA--INFORMACIÓN GENERAL
campo de control de longitud fija 040910s1946 ag ||||1| spa d
080 ## - NÚMERO DE LA CLASIFICACIÓN DECIMAL UNIVERSAL
Número de la Clasificación Decimal Universal 396"17"
100 1# - ENTRADA PRINCIPAL--NOMBRE DE PERSONA
Nombre de persona Goncourt, Edmond de,
Fechas asociadas al nombre 1822-1896
9 (RLIN) 127377
245 13 - MENCIÓN DEL TÍTULO
Título La mujer en el siglo XVIII /
Mención de responsabilidad, etc. por E. y J. de Goncourt ; versión castellana de Alberto Insúa ; nota liminar de Pedro Massa.
250 ## - MENCION DE EDICION
Mención de edición 1ª ed.
260 ## - PUBLICACIÓN, DISTRIBUCIÓN, ETC.
Lugar de publicación, distribución, etc. Buenos Aires :
Nombre del editor, distribuidor, etc. Luis D. Álvarez :
-- Apolo,
Fecha de publicación, distribución, etc. [1946]
300 ## - DESCRIPCIÓN FÍSICA
Extensión 300 p., 58 lám. :
Otras características físicas il. ;
Dimensiones 24 cm.
650 #4 - PUNTO DE ACCESO ADICIONAL DE MATERIA--TÉRMINO DE MATERIA
Término de materia o nombre geográfico como elemento de entrada Mujeres-
Subdivisión general Situación social-
Subdivisión cronológica S.XVIII.
9 (RLIN) 174324
700 1# - ENTRADA AGREGADA--NOMBRE PERSONAL
Nombre de persona Goncourt, Jules de,
Fechas asociadas al nombre 1830-1870
9 (RLIN) 58231
700 1# - ENTRADA AGREGADA--NOMBRE PERSONAL
Nombre de persona Insúa, Alberto,
Fechas asociadas al nombre 1885-1963
9 (RLIN) 65346
700 1# - ENTRADA AGREGADA--NOMBRE PERSONAL
Nombre de persona Massa, Pedro.
9 (RLIN) 78782
852 4# - LOCALIZACIÓN
Ubicación ES-MaACL
Número de control de estantería F-1977
Holdings
Estatus retirado Estado de pérdida Estado de daño No para préstamo Biblioteca de origen Biblioteca actual Ubicación en estantería Fecha de adquisición Fuente de adquisición Total de préstamos Signatura topográfica completa Código de barras Visto por última vez Precio de reemplazo Tipo de ítem Koha
        Biblioteca del Ateneo de Madrid Biblioteca del Ateneo de Madrid Depósito 2 17/01/2008     F-1977 1077154 23/02/2023 23/02/2023 Libro impreso